[Event "Northumbria Masters Open"]
[Site "Newcastle"]
[Date "2021.08.26"]
[Round "1.11"]
[White "Dong Bao Nghia"]
[Black "Chan, Sheng Liang Bernard"]
[Result "1-0"]
[WhiteElo "2227"]
[BlackElo "1870"]
[PlyCount "61"]
[EventDate "2021.08.26"]
[EventType "swiss"]
[EventRounds "9"]
[EventCountry "ENG"]
[SourceTitle "The Week in Chess 1399"]
[Source "Mark Crowther"]
[SourceDate "2021.08.30"]
[SourceVersion "1"]
[SourceVersionDate "2021.08.30"]
[SourceQuality "2"]

1. d4 d5 2. c4 dxc4 3. Nc3 a6 4. a4 Nf6 5. e3 e6 6. Bxc4 Be7 7. Nf3 O-O 8. O-O
c5 9. d5 exd5 10. Nxd5 Nc6 11. Nxe7+ Qxe7 12. h3 Bf5 13. Bd2 Ne4 14. Qb3 Nxd2
15. Nxd2 Rad8 16. Rad1 Na5 17. Qc3 Nxc4 18. Nxc4 Rxd1 19. Rxd1 Rd8 20. Rxd8+
Qxd8 21. Qe5 Be6 22. Nd6 Qc7 23. f4 h6 24. f5 Bb3 25. f6 gxf6 26. Qe8+ Kh7 27.
Qf8 f5 28. Nxf5 Qe5 29. Qxh6+ Kg8 30. Qg5+ Kh7 31. Qh5+ 1-0

[Event "Northumbria Masters Open"]
[Site "Newcastle"]
[Date "2021.08.26"]
[Round "1.12"]
[White "Nandi, Robin J"]
[Black "Bezuidenhout, Roland"]
[Result "0-1"]
[WhiteElo "1867"]
[BlackElo "2196"]
[PlyCount "174"]
[EventDate "2021.08.26"]
[EventType "swiss"]
[EventRounds "9"]
[EventCountry "ENG"]
[SourceTitle "The Week in Chess 1399"]
[Source "Mark Crowther"]
[SourceDate "2021.08.30"]
[SourceVersion "1"]
[SourceVersionDate "2021.08.30"]
[SourceQuality "2"]

1. e4 e6 2. d4 d5 3. Nc3 Bb4 4. e5 Qd7 5. Qg4 f5 6. Qg3 b6 7. Bd2 Ba6 8. Nge2
Nc6 9. O-O-O O-O-O 10. a3 Bxc3 11. Bxc3 Qf7 12. h4 Nge7 13. h5 Rdg8 14. Nf4
Bxf1 15. Rdxf1 g5 16. hxg6 Nxg6 17. Nh5 Ngxe5 18. Qf4 Nc4 19. Rh2 Rg4 20. Qf3
Nxd4 21. Qd1 e5 22. b3 Nxa3 23. f3 Rg6 24. Bxd4 exd4 25. Qxd4 Rhg8 26. Nf4 Rc6
27. g4 fxg4 28. fxg4 Qf6 29. Rd1 Qxd4 30. Rxd4 Rxg4 31. Kb2 Nb5 32. Rxd5 Rxf4
33. Rxb5 h6 34. Rbh5 Rff6 35. b4 a6 36. c3 Kd7 37. R2h3 Ke7 38. Kb3 Kf7 39. b5
axb5 40. Rxb5 Kg7 41. Rbh5 Rg6 42. Rd5 Rg5 43. Rd7+ Kg6 44. Rd8 Kf5 45. Rh8
Rgg6 46. Rd8 Rcd6 47. Re8 Kg4 48. Ree3 Rg5 49. Reg3+ Kf4 50. Rf3+ Ke4 51. Rf7
Rb5+ 52. Kc2 Rc5 53. Rh7 Rcc6 54. Rf7 Rf6 55. Rh7 Kd5 56. Rd7+ Rfd6 57. Rh7 b5
58. Rh5+ Kc4 59. Rh4+ Kc5 60. Rh5+ Kb6 61. Rh8 Ka6 62. Rb8 Rb6 63. Rh8 Rf6 64.
Rh7 Rbc6 65. Rh3 b4 66. Kb3 bxc3 67. Rxc3 Rxc3+ 68. Kxc3 Kb6 69. Kc4 Rf4+ 70.
Kc3 Rh4 71. Kb3 c6 72. Rh8 Kc5 73. Kc3 Rh3+ 74. Kc2 Kc4 75. Kb2 Rh2+ 76. Kb1 c5
77. Rc8 h5 78. Rh8 Kc3 79. Rc8 c4 80. Rh8 h4 81. Rh7 h3 82. Rh8 Rh1+ 83. Ka2
Kc2 84. Rh4 c3 85. Rh8 h2 86. Rh7 Kc1 87. Kb3 Kb1 0-1

[Event "Northumbria Masters Open"]
[Site "Newcastle"]
[Date "2021.08.26"]
[Round "1.13"]
[White "Sowray, Peter John"]
[Black "Skettos, Nicolas"]
[Result "1-0"]
[WhiteElo "2196"]
[BlackElo "1862"]
[PlyCount "57"]
[EventDate "2021.08.26"]
[EventType "swiss"]
[EventRounds "9"]
[EventCountry "ENG"]
[SourceTitle "The Week in Chess 1399"]
[Source "Mark Crowther"]
[SourceDate "2021.08.30"]
[SourceVersion "1"]
[SourceVersionDate "2021.08.30"]
[SourceQuality "2"]

1. d4 d5 2. Nf3 Nf6 3. g3 b5 4. Bg2 e6 5. O-O Bd6 6. a4 b4 7. c4 bxc3 8. Nxc3
Nbd7 9. Nb5 O-O 10. Qc2 Ba6 11. Qc6 Bxb5 12. axb5 Nb6 13. Ne5 Nfd7 14. Bf4 Bxe5
15. dxe5 g5 16. Be3 Nxe5 17. Qc3 Nec4 18. Bd4 f6 19. e4 e5 20. Bxb6 Nxb6 21.
exd5 Qd6 22. Rfd1 Rfd8 23. Rac1 Rd7 24. Qb3 Kg7 25. Rc6 Qf8 26. Bh3 Re7 27. Be6
a5 28. d6 cxd6 29. Rxb6 1-0

[Event "Northumbria Masters Open"]
[Site "Newcastle"]
[Date "2021.08.26"]
[Round "1.14"]
[White "Siddharth, Gopakumar"]
[Black "Turner, Max N"]
[Result "0-1"]
[WhiteElo "1856"]
[BlackElo "2182"]
[PlyCount "48"]
[EventDate "2021.08.26"]
[EventType "swiss"]
[EventRounds "9"]
[EventCountry "ENG"]
[SourceTitle "The Week in Chess 1399"]
[Source "Mark Crowther"]
[SourceDate "2021.08.30"]
[SourceVersion "1"]
[SourceVersionDate "2021.08.30"]
[SourceQuality "2"]

1. e4 c5 2. Nf3 e6 3. d4 cxd4 4. Nxd4 Nc6 5. Nc3 Qc7 6. Be3 a6 7. g4 b5 8. Nxc6
Qxc6 9. Qd2 Bc5 10. O-O-O Bxe3 11. Qxe3 Ne7 12. Qd4 O-O 13. h4 Rb8 14. h5 Qb6
15. f4 Qxd4 16. Rxd4 e5 17. fxe5 Nc6 18. Rd5 Re8 19. Bh3 Nxe5 20. Rd6 Bb7 21.
b3 Rbc8 22. Nd5 Nd3+ 23. Kb1 Nf2 24. Rf1 Nxe4 0-1

[Event "Northumbria Masters Open"]
[Site "Newcastle"]
[Date "2021.08.26"]
[Round "1.15"]
[White "Eggleston, Thomas A"]
[Black "Jukes, Sam"]
[Result "1-0"]
[WhiteElo "2178"]
[BlackElo "1846"]
[PlyCount "39"]
[EventDate "2021.08.26"]
[EventType "swiss"]
[EventRounds "9"]
[EventCountry "ENG"]
[SourceTitle "The Week in Chess 1399"]
[Source "Mark Crowther"]
[SourceDate "2021.08.30"]
[SourceVersion "1"]
[SourceVersionDate "2021.08.30"]
[SourceQuality "2"]

1. e4 c5 2. Nf3 Nc6 3. Bb5 g6 4. O-O Bg7 5. Re1 e5 6. b4 Nd4 7. Nxd4 cxd4 8. c3
Ne7 9. cxd4 Qb6 10. Nc3 Qxd4 11. Bb2 O-O 12. Qb3 Qb6 13. Bc4 d6 14. a4 a5 15.
Nb5 Bd7 16. bxa5 Qxa5 17. Nxd6 Be8 18. Nxe8 Raxe8 19. Ba3 Bh6 20. Qxb7 1-0

[Event "Northumbria Masters Open"]
[Site "Newcastle"]
[Date "2021.08.26"]
[Round "1.16"]
[White "Hosdurga, Chirag"]
[Black "Verma, Aditya"]
[Result "1/2-1/2"]
[WhiteElo "1838"]
[BlackElo "2170"]
[PlyCount "86"]
[EventDate "2021.08.26"]
[EventType "swiss"]
[EventRounds "9"]
[EventCountry "ENG"]
[SourceTitle "The Week in Chess 1399"]
[Source "Mark Crowther"]
[SourceDate "2021.08.30"]
[SourceVersion "1"]
[SourceVersionDate "2021.08.30"]
[SourceQuality "2"]

1. d4 d5 2. c4 c6 3. Nc3 Nf6 4. Nf3 e6 5. e3 a6 6. b3 Bb4 7. Bd2 O-O 8. Bd3 Be7
9. O-O Nbd7 10. h3 h6 11. Rc1 Re8 12. Qe2 Bd6 13. cxd5 exd5 14. Rb1 Nf8 15. Na4
Ne4 16. b4 Ng6 17. Rfc1 Bc7 18. Ne1 Qe7 19. Nc2 Nh4 20. Be1 Nf5 21. Nc3 Qf6 22.
f4 Nfd6 23. Nd1 Bd7 24. a4 Qg6 25. Kh1 Nf5 26. Bxe4 Rxe4 27. Qf3 Nd6 28. g4 f5
29. Nf2 Re7 30. Bc3 Ne4 31. Nxe4 dxe4 32. gxf5 Qxf5 33. Qg3 Qxh3+ 34. Qxh3 Bxh3
35. Rg1 h5 36. Rg5 Bg4 37. Na3 Rd7 38. Nc4 Be2 39. Nd2 Re7 40. Rbg1 Bg4 41. Nf1
Bf3+ 42. Kh2 Rd8 43. Ng3 Bg4 1/2-1/2

[Event "Northumbria Masters Open"]
[Site "Newcastle"]
[Date "2021.08.26"]
[Round "1.17"]
[White "Kett, Timothy"]
[Black "Sheikh, Anum"]
[Result "1-0"]
[WhiteElo "2167"]
[BlackElo "1837"]
[PlyCount "97"]
[EventDate "2021.08.26"]
[EventType "swiss"]
[EventRounds "9"]
[EventCountry "ENG"]
[SourceTitle "The Week in Chess 1399"]
[Source "Mark Crowther"]
[SourceDate "2021.08.30"]
[SourceVersion "1"]
[SourceVersionDate "2021.08.30"]
[SourceQuality "2"]

1. e4 Nf6 2. e5 Nd5 3. d4 d6 4. Nf3 dxe5 5. Nxe5 c6 6. Qf3 Be6 7. Bc4 Nd7 8.
O-O Nxe5 9. dxe5 Qc7 10. Nc3 O-O-O 11. Bxd5 Bxd5 12. Nxd5 Rxd5 13. Qxf7 Qxe5
14. Be3 e6 15. Bf4 Rd7 16. Qe8+ Rd8 17. Qxd8+ Kxd8 18. Bxe5 Rg8 19. Rad1+ Kc8
20. Rd3 Bc5 21. Rfd1 Rf8 22. Rf3 g6 23. Rxf8+ Bxf8 24. Bf6 Kc7 25. Rd8 Bg7 26.
Bxg7 Kxd8 27. f4 Ke7 28. Kf2 Kd6 29. Ke3 Kd5 30. Kd3 b5 31. b3 a6 32. c4+ bxc4+
33. bxc4+ Kc5 34. Bf8+ Kb6 35. Kd4 Ka5 36. Kc5 Ka4 37. Kxc6 a5 38. Kd6 Ka3 39.
Kxe6+ Kxa2 40. c5 a4 41. c6 a3 42. Bxa3 Kxa3 43. c7 Ka4 44. c8=Q Ka3 45. Qb7
Ka2 46. Kd5 Ka1 47. Kc4 Ka2 48. Kc3 Ka1 49. Qb2# 1-0

[Event "Northumbria Masters Open"]
[Site "Newcastle"]
[Date "2021.08.26"]
[Round "1.18"]
[White "Tivillier, Jacques"]
[Black "Guthrie, David"]
[Result "0-1"]
[WhiteElo "1829"]
[BlackElo "2165"]
[PlyCount "69"]
[EventDate "2021.08.26"]
[EventType "swiss"]
[EventRounds "9"]
[EventCountry "ENG"]
[SourceTitle "The Week in Chess 1399"]
[Source "Mark Crowther"]
[SourceDate "2021.08.30"]
[SourceVersion "1"]
[SourceVersionDate "2021.08.30"]
[SourceQuality "2"]

1. e4 c5 2. Nf3 d6 3. d4 cxd4 4. Nxd4 Nf6 5. Nc3 a6 6. Bg5 e6 7. f4 Be7 8. Qf3
Qc7 9. O-O-O Nbd7 10. Bd3 h6 11. Bh4 g5 12. fxg5 Ne5 13. Qe2 Nfg4 14. Kb1 hxg5
15. Bg3 Bd7 16. h3 Nf6 17. Nf3 b5 18. a3 Rg8 19. Rhf1 Rb8 20. Qe1 a5 21. Ne2 b4
22. axb4 Rxb4 23. Nxe5 dxe5 24. Qc3 Qxc3 25. Nxc3 Bc6 26. Bxe5 Nxe4 27. Nxe4
Bxe4 28. Bxe4 Rxe4 29. Bc7 a4 30. Rd3 g4 31. hxg4 Rgxg4 32. Rh1 Rd4 33. Rxd4
Rxd4 34. Rh8+ Kd7 35. Rh7 0-1

[Event "Northumbria Masters Open"]
[Site "Newcastle"]
[Date "2021.08.26"]
[Round "1.19"]
[White "Villiers, Thomas"]
[Black "Johnson, Paul A"]
[Result "1-0"]
[WhiteElo "2165"]
[BlackElo "1812"]
[PlyCount "113"]
[EventDate "2021.08.26"]
[EventType "swiss"]
[EventRounds "9"]
[EventCountry "ENG"]
[SourceTitle "The Week in Chess 1399"]
[Source "Mark Crowther"]
[SourceDate "2021.08.30"]
[SourceVersion "1"]
[SourceVersionDate "2021.08.30"]
[SourceQuality "2"]

1. c4 e5 2. Nc3 Nf6 3. e3 Nc6 4. Nge2 d6 5. d4 exd4 6. Nxd4 Nxd4 7. Qxd4 Be7 8.
Be2 O-O 9. O-O c6 10. Rd1 Qa5 11. e4 Be6 12. Bf4 Rfd8 13. Qd2 Kh8 14. a3 Rd7
15. b4 Qd8 16. Rac1 Qe8 17. h3 Rad8 18. Qb2 h6 19. Rc2 Qf8 20. Rcd2 Ne8 21. Be3
b6 22. Qc2 f5 23. exf5 Bxf5 24. Bd3 Bxd3 25. Qxd3 d5 26. cxd5 cxd5 27. Qg6 Qf6
28. Qxf6 Nxf6 29. Bd4 Kg8 30. Bxf6 Bxf6 31. Rxd5 Rxd5 32. Nxd5 Kf7 33. Kf1 Rd7
34. Ke2 Bd8 35. Ne3 Rxd1 36. Nxd1 Ke6 37. Kd3 b5 38. Nc3 a6 39. Ne4 Bb6 40. f4
g6 41. Nc3 g5 42. fxg5 hxg5 43. Ke4 Bc7 44. Ne2 Be5 45. g3 Kf6 46. h4 gxh4 47.
gxh4 Bb2 48. Nf4 Be5 49. Nd5+ Ke6 50. h5 Kd6 51. h6 Bh8 52. Nf4 Bf6 53. h7 Kc6
54. Ng6 Kb6 55. h8=Q Bxh8 56. Nxh8 a5 57. Kd5 1-0

[Event "Northumbria Masters Open"]
[Site "Newcastle"]
[Date "2021.08.26"]
[Round "1.20"]
[White "Lim, Mark"]
[Black "Gayson, Peter M"]
[Result "1-0"]
[WhiteElo "1779"]
[BlackElo "2150"]
[PlyCount "85"]
[EventDate "2021.08.26"]
[EventType "swiss"]
[EventRounds "9"]
[EventCountry "ENG"]
[SourceTitle "The Week in Chess 1399"]
[Source "Mark Crowther"]
[SourceDate "2021.08.30"]
[SourceVersion "1"]
[SourceVersionDate "2021.08.30"]
[SourceQuality "2"]

1. d4 f5 2. Nf3 Nf6 3. e3 g6 4. Be2 Bg7 5. O-O O-O 6. c4 d6 7. Nc3 Nc6 8. Rb1
Bd7 9. b4 Kh8 10. b5 Na5 11. c5 dxc5 12. dxc5 Ng4 13. Bb2 e5 14. Qa4 c6 15.
Rfd1 cxb5 16. Bxb5 Nc6 17. h3 Nh6 18. Ne2 Qe7 19. Nxe5 Nxe5 20. Bxe5 Qxe5 21.
Rxd7 Rf7 22. c6 bxc6 23. Bxc6 Rxd7 24. Bxd7 Rb8 25. Rxb8+ Qxb8 26. Qc2 Ng8 27.
Ba4 Be5 28. Bb3 Nf6 29. Qc4 Ne4 30. f4 Nd2 31. Qd5 Nxb3 32. fxe5 Qb4 33. Qa8+
Kg7 34. Qxa7+ Kh6 35. axb3 Qe1+ 36. Kh2 Qxe2 37. Qd4 g5 38. e6 g4 39. Qf4+ Kg6
40. hxg4 fxg4 41. e7 Qb5 42. Qxg4+ Kf7 43. Qc4+ 1-0

[Event "Northumbria Masters Open"]
[Site "Newcastle"]
[Date "2021.08.26"]
[Round "1.21"]
[White "Smith, Andrew Philip"]
[Black "Larkin, Benjamin"]
[Result "1-0"]
[WhiteElo "2144"]
[BlackElo "1753"]
[PlyCount "57"]
[EventDate "2021.08.26"]
[EventType "swiss"]
[EventRounds "9"]
[EventCountry "ENG"]
[SourceTitle "The Week in Chess 1399"]
[Source "Mark Crowther"]
[SourceDate "2021.08.30"]
[SourceVersion "1"]
[SourceVersionDate "2021.08.30"]
[SourceQuality "2"]

1. e4 c6 2. d4 d5 3. e5 Bf5 4. c4 e6 5. Nc3 Bb4 6. a3 Bxc3+ 7. bxc3 Ne7 8. c5
b6 9. cxb6 Qxb6 10. Ne2 h6 11. Ng3 Bh7 12. Bd3 Bxd3 13. Qxd3 O-O 14. O-O Qa6
15. Qf3 Nd7 16. Re1 c5 17. Qg4 f5 18. exf6 Rxf6 19. dxc5 Nxc5 20. Be3 Nd3 21.
Qe2 Qc4 22. Red1 Ne5 23. Qh5 Nf5 24. Bd4 Nxd4 25. Qxe5 Nc2 26. Rac1 Nxa3 27.
Rd4 Qc6 28. Rg4 Qe8 29. Qxf6 1-0

[Event "Northumbria Masters Open"]
[Site "Newcastle"]
[Date "2021.08.26"]
[Round "1.22"]
[White "Greatorex, Roger"]
[Black "Brown, Thomas"]
[Result "0-1"]
[WhiteElo "1747"]
[BlackElo "2129"]
[PlyCount "46"]
[EventDate "2021.08.26"]
[EventType "swiss"]
[EventRounds "9"]
[EventCountry "ENG"]
[SourceTitle "The Week in Chess 1399"]
[Source "Mark Crowther"]
[SourceDate "2021.08.30"]
[SourceVersion "1"]
[SourceVersionDate "2021.08.30"]
[SourceQuality "2"]

1. d4 d5 2. c4 e6 3. Nc3 Nf6 4. cxd5 exd5 5. Bg5 c6 6. Nf3 Bd6 7. e3 O-O 8. Bd3
h6 9. Bh4 Re8 10. Qc2 Nbd7 11. O-O Nf8 12. e4 dxe4 13. Bxf6 exd3 14. Bxd8 dxc2
15. Bh4 Bf4 16. Bg3 c1=Q 17. Raxc1 Bxc1 18. Rxc1 Ng6 19. d5 Bg4 20. Nd4 cxd5
21. Nxd5 Rad8 22. Nb5 Rxd5 23. Nc7 Rc5 0-1

[Event "Northumbria Masters Open"]
[Site "Newcastle"]
[Date "2021.08.27"]
[Round "2.1"]
[White "Kett, Timothy"]
[Black "Gormally, Daniel W"]
[Result "1/2-1/2"]
[WhiteElo "2167"]
[BlackElo "2479"]
[PlyCount "76"]
[EventDate "2021.08.26"]
[EventType "swiss"]
[EventRounds "9"]
[EventCountry "ENG"]
[SourceTitle "The Week in Chess 1399"]
[Source "Mark Crowther"]
[SourceDate "2021.08.30"]
[SourceVersion "1"]
[SourceVersionDate "2021.08.30"]
[SourceQuality "2"]

1. e4 e5 2. Nf3 Nf6 3. Nc3 Bb4 4. Nxe5 O-O 5. Be2 Re8 6. Nf3 Nxe4 7. Nxe4 Rxe4
8. c3 Bf8 9. d4 d5 10. Be3 Bd6 11. Bd3 Re8 12. Qc2 h6 13. O-O-O Nc6 14. h3 Qf6
15. Nh2 Bf4 16. Bxf4 Qxf4+ 17. Kb1 Bd7 18. g3 Qg5 19. Rdg1 Na5 20. f4 Qh5 21.
g4 Qxh3 22. g5 Nc4 23. Ng4 Qf3 24. Nf6+ gxf6 25. gxf6+ Bg4 26. Bxc4 h5 27. Bxd5
Qxd5 28. Rxg4+ Kf8 29. Rgg1 Qe6 30. Rxh5 Qxf6 31. Rf5 Qh4 32. a3 Re1+ 33. Rxe1
Qxe1+ 34. Ka2 Qe6+ 35. d5 Qg6 36. Kb1 Qg1+ 37. Ka2 Qg6 38. Kb1 Qg1+ 1/2-1/2

[Event "Northumbria Masters Open"]
[Site "Newcastle"]
[Date "2021.08.27"]
[Round "2.2"]
[White "Petrov, Marian"]
[Black "Villiers, Thomas"]
[Result "1-0"]
[WhiteElo "2457"]
[BlackElo "2165"]
[PlyCount "117"]
[EventDate "2021.08.26"]
[EventType "swiss"]
[EventRounds "9"]
[EventCountry "ENG"]
[SourceTitle "The Week in Chess 1399"]
[Source "Mark Crowther"]
[SourceDate "2021.08.30"]
[SourceVersion "1"]
[SourceVersionDate "2021.08.30"]
[SourceQuality "2"]

1. e4 c6 2. d4 d5 3. e5 Bf5 4. c4 e6 5. Nc3 dxc4 6. Bxc4 Nd7 7. Nge2 h6 8. O-O
Ne7 9. Ng3 Nb6 10. Bb3 Bg6 11. f4 Ned5 12. f5 exf5 13. Nxf5 Bxf5 14. Rxf5 g6
15. Rf2 Qd7 16. Ne4 O-O-O 17. Qf3 Rh7 18. Bd2 Be7 19. Raf1 Kb8 20. Qg3 Nc7 21.
Bc3 Nbd5 22. Rxf7 Rxf7 23. Rxf7 Qe6 24. Rf2 Rf8 25. Rxf8+ Bxf8 26. Qf3 Be7 27.
h3 Qg8 28. Bd2 Qg7 29. Nc3 Bb4 30. Bc1 Ne7 31. Qf6 Ne8 32. Qf7 Qxf7 33. Bxf7
Ng7 34. g4 g5 35. h4 Kc7 36. hxg5 hxg5 37. Bxg5 Kd7 38. Ne4 Nd5 39. a3 Be7 40.
Bxe7 Kxe7 41. Bxd5 cxd5 42. Nd6 Ne6 43. Kf2 Kd7 44. Ke3 b6 45. b4 a6 46. a4 Nd8
47. g5 Ne6 48. g6 Ke7 49. Nc8+ Kf8 50. Nxb6 Nc7 51. Kf4 Ne6+ 52. Kf5 Nxd4+ 53.
Kf6 Nc6 54. Nxd5 a5 55. bxa5 Nxa5 56. g7+ Kg8 57. Ne7+ Kh7 58. g8=Q+ Kh6 59.
Qg6# 1-0

[Event "Northumbria Masters Open"]
[Site "Newcastle"]
[Date "2021.08.27"]
[Round "2.3"]
[White "Guthrie, David"]
[Black "Clarke, Brandon G I"]
[Result "0-1"]
[WhiteElo "2165"]
[BlackElo "2429"]
[PlyCount "122"]
[EventDate "2021.08.26"]
[EventType "swiss"]
[EventRounds "9"]
[EventCountry "ENG"]
[SourceTitle "The Week in Chess 1399"]
[Source "Mark Crowther"]
[SourceDate "2021.08.30"]
[SourceVersion "1"]
[SourceVersionDate "2021.08.30"]
[SourceQuality "2"]

1. d4 Nf6 2. c4 g6 3. Nc3 d5 4. Nf3 Bg7 5. e3 O-O 6. Be2 c5 7. O-O cxd4 8. exd4
Nc6 9. Re1 Bg4 10. c5 Ne4 11. Be3 Nxc3 12. bxc3 b6 13. Qa4 Na5 14. Rac1 e6 15.
Red1 Bxf3 16. gxf3 Qh4 17. c4 dxc4 18. Bxc4 Rfd8 19. Bf1 Be5 20. f4 Bxf4 21.
Bxf4 Qxf4 22. Bg2 Rac8 23. Rc3 e5 24. Rf3 Qh4 25. Rh3 Qf6 26. Rf3 Qc6 27. Qb4
Qc7 28. cxb6 axb6 29. Rfd3 Nc6 30. Bxc6 Qxc6 31. dxe5 Rxd3 32. Rxd3 Qc1+ 33.
Kg2 Qg5+ 34. Rg3 Qxe5 35. Qxb6 Qd5+ 36. Rf3 Rc3 37. Qf6 Rxf3 38. Qxf3 Qxa2 39.
Qc3 Qd5+ 40. f3 Qg5+ 41. Kf2 Qf4 42. Kg2 h5 43. Qc8+ Kh7 44. Qf8 h4 45. Qc8 Kg7
46. Qc3+ Qf6 47. Qe3 g5 48. Qe4 Kh6 49. Qa8 Qb2+ 50. Kh3 Qf6 51. Qf8+ Kh5 52.
Qa8 Qc3 53. Qd5 Qc8+ 54. Kg2 Qe6 55. Qa8 Qe2+ 56. Kg1 Qe1+ 57. Kg2 h3+ 58. Kxh3
Qf1+ 59. Kg3 Qg1+ 60. Kh3 g4+ 61. fxg4+ Qxg4# 0-1

[Event "Northumbria Masters Open"]
[Site "Newcastle"]
[Date "2021.08.27"]
[Round "2.4"]
[White "Arkell, Keith C"]
[Black "Smith, Andrew Philip"]
[Result "1-0"]
[WhiteElo "2382"]
[BlackElo "2144"]
[PlyCount "69"]
[EventDate "2021.08.26"]
[EventType "swiss"]
[EventRounds "9"]
[EventCountry "ENG"]
[SourceTitle "The Week in Chess 1399"]
[Source "Mark Crowther"]
[SourceDate "2021.08.30"]
[SourceVersion "1"]
[SourceVersionDate "2021.08.30"]
[SourceQuality "2"]

1. d4 Nf6 2. Nf3 c5 3. d5 e6 4. Nc3 exd5 5. Nxd5 Nxd5 6. Qxd5 Be7 7. e4 O-O 8.
Bc4 d6 9. O-O Be6 10. Qd3 Nc6 11. c3 Qd7 12. Bd5 Kh8 13. Re1 Rae8 14. Bf4 Rd8
15. Rad1 Rfe8 16. h3 h6 17. a3 Bf6 18. Qc2 Ne5 19. Bxe5 Bxe5 20. Bxe6 Rxe6 21.
Rd5 Rde8 22. Qd3 Qc6 23. Nxe5 dxe5 24. Rd1 R8e7 25. Rd8+ Kh7 26. Rf8 f6 27. Qf3
Rd7 28. Rd5 Red6 29. c4 Re6 30. Rc8 Qxc8 31. Qf5+ g6 32. Qxe6 Rc7 33. Qxf6 Qh8
34. Qxh8+ Kxh8 35. Rxe5 1-0

[Event "Northumbria Masters Open"]
[Site "Newcastle"]
[Date "2021.08.27"]
[Round "2.5"]
[White "Brown, Thomas"]
[Black "Wells, Peter K"]
[Result "0-1"]
[WhiteElo "2129"]
[BlackElo "2381"]
[PlyCount "76"]
[EventDate "2021.08.26"]
[EventType "swiss"]
[EventRounds "9"]
[EventCountry "ENG"]
[SourceTitle "The Week in Chess 1399"]
[Source "Mark Crowther"]
[SourceDate "2021.08.30"]
[SourceVersion "1"]
[SourceVersionDate "2021.08.30"]
[SourceQuality "2"]

1. d4 Nf6 2. Bf4 d6 3. Nc3 Nc6 4. d5 e5 5. Bg5 Nb8 6. e4 Be7 7. h4 Nbd7 8. f3
c6 9. Qd2 cxd5 10. exd5 a6 11. O-O-O b5 12. Bd3 Bb7 13. Ne4 Nb6 14. Nxf6+ Bxf6
15. Ne2 Rc8 16. Bxf6 Qxf6 17. Be4 h5 18. g4 hxg4 19. fxg4 Nc4 20. Qd3 Rxh4 21.
Rxh4 Qxh4 22. Kb1 Qf2 23. Rh1 Qe3 24. Ng3 Qxd3 25. cxd3 Nd2+ 26. Ka1 Nxe4 27.
dxe4 g6 28. a3 Ke7 29. Kb1 a5 30. g5 Ba6 31. Rc1 Rxc1+ 32. Kxc1 f6 33. gxf6+
Kxf6 34. Kd2 Kg5 35. Ke3 Kg4 36. Nh1 g5 37. Nf2+ Kg3 38. Nh1+ Kg2 0-1

[Event "Northumbria Masters Open"]
[Site "Newcastle"]
[Date "2021.08.27"]
[Round "2.6"]
[White "Bradbury, Neil H"]
[Black "Sedykh, Mikhail"]
[Result "0-1"]
[WhiteElo "2297"]
[BlackElo "2124"]
[PlyCount "76"]
[EventDate "2021.08.26"]
[EventType "swiss"]
[EventRounds "9"]
[EventCountry "ENG"]
[SourceTitle "The Week in Chess 1399"]
[Source "Mark Crowther"]
[SourceDate "2021.08.30"]
[SourceVersion "1"]
[SourceVersionDate "2021.08.30"]
[SourceQuality "2"]

1. d4 d5 2. c4 e6 3. Nf3 Nf6 4. g3 dxc4 5. Bg2 a6 6. O-O Nc6 7. Nc3 Rb8 8. e4
Be7 9. Bg5 O-O 10. Qe2 Nxd4 11. Nxd4 Qxd4 12. Rad1 Qe5 13. Be3 Qa5 14. f4 Bc5
15. Bxc5 Qxc5+ 16. Kh1 b5 17. e5 Nd7 18. Ne4 Qe7 19. Qc2 h6 20. b3 Nc5 21. bxc4
Nxe4 22. Bxe4 Qc5 23. cxb5 Qxc2 24. Bxc2 axb5 25. Be4 c5 26. Rd6 Bb7 27. Bxb7
Rxb7 28. Rc6 Ra8 29. Rf2 c4 30. Kg2 Rba7 31. Rb6 Rxa2 32. Rxb5 Rxf2+ 33. Kxf2
Ra2+ 34. Kf3 Rxh2 35. Rc5 Rc2 36. Rc7 h5 37. Ke3 Rc1 38. Kf3 c3 0-1

[Event "Northumbria Masters Open"]
[Site "Newcastle"]
[Date "2021.08.27"]
[Round "2.7"]
[White "Birtwistle, Nigel"]
[Black "Basman, Michael J"]
[Result "0-1"]
[WhiteElo "2123"]
[BlackElo "2289"]
[PlyCount "114"]
[EventDate "2021.08.26"]
[EventType "swiss"]
[EventRounds "9"]
[EventCountry "ENG"]
[SourceTitle "The Week in Chess 1399"]
[Source "Mark Crowther"]
[SourceDate "2021.08.30"]
[SourceVersion "1"]
[SourceVersionDate "2021.08.30"]
[SourceQuality "2"]

1. e4 e6 2. d4 a6 3. Nf3 b5 4. Bd3 c5 5. dxc5 Bxc5 6. O-O Bb7 7. Qe2 Qc7 8. a3
Nc6 9. Be3 Bd6 10. Nbd2 Nf6 11. h3 h6 12. c4 g5 13. cxb5 axb5 14. Nd4 Bh2+ 15.
Kh1 Nxd4 16. Bxd4 Be5 17. Rac1 Qb8 18. Nf3 Bxd4 19. Nxd4 g4 20. h4 Qe5 21. Nxb5
Ke7 22. Qd2 Ra4 23. b3 Rxe4 24. Bxe4 Nxe4 25. Qb4+ Kf6 26. Nc3 Rb8 27. Nxe4+
Bxe4 28. Qc3 d5 29. b4 d4 30. Qd2 Kg7 31. Rc5 Qf6 32. Kg1 Rd8 33. Re1 Bd5 34.
a4 e5 35. Qe2 d3 36. Qxg4+ Kf8 37. Rd1 Bb3 38. Rd2 Bxa4 39. Qe4 Bc2 40. Rcxc2
dxc2 41. Qxc2 Rxd2 42. Qxd2 Qxh4 43. Qd6+ Kg8 44. b5 Qf4 45. g3 Qc1+ 46. Kg2
Qb2 47. b6 Kg7 48. Qc6 e4 49. Qc5 Kg6 50. Qc6+ Kg7 51. Qc5 Kg6 52. Kh3 Qb1 53.
Qd6+ f6 54. Kg2 e3 55. fxe3 Qc2+ 56. Kf3 Qb1 57. Qd4 Qf1+ 0-1

[Event "Northumbria Masters Open"]
[Site "Newcastle"]
[Date "2021.08.27"]
[Round "2.8"]
[White "Olson, Hamish"]
[Black "Hutchinson, Paul A"]
[Result "1-0"]
[WhiteElo "2246"]
[BlackElo "2120"]
[PlyCount "73"]
[EventDate "2021.08.26"]
[EventType "swiss"]
[EventRounds "9"]
[EventCountry "ENG"]
[SourceTitle "The Week in Chess 1399"]
[Source "Mark Crowther"]
[SourceDate "2021.08.30"]
[SourceVersion "1"]
[SourceVersionDate "2021.08.30"]
[SourceQuality "2"]

1. Nf3 d5 2. g3 Nf6 3. Bg2 Bg4 4. O-O e6 5. d4 Nbd7 6. Nbd2 Be7 7. Re1 Bxf3 8.
Bxf3 h5 9. e4 c6 10. e5 Ng8 11. Bxh5 Nh6 12. Be2 Nf5 13. c3 Nf8 14. Bd3 Qd7 15.
a4 a5 16. Nf3 Bd8 17. b3 Bb6 18. Ba3 g6 19. Qd2 Qc7 20. Qf4 Qb8 21. g4 Bd8 22.
gxf5 gxf5 23. Bxf8 Rxf8 24. c4 dxc4 25. bxc4 Bb6 26. Rab1 Qa7 27. c5 Bc7 28.
Bxf5 O-O-O 29. Bd3 Kb8 30. Be4 Ka8 31. Rb3 f5 32. Bd3 Rg8+ 33. Kh1 Rg4 34. Qh6
Rgxd4 35. Nxd4 Rxd4 36. Qxe6 Qb8 37. Bxf5 1-0